Catalog

Record Details

Catalog Search



Ježíšova podobenství  Cover Image Book Book

Ježíšova podobenství / Jindřich Mánek

Record details

  • Physical Description: 204 s. ; 21 cm
  • Edition: Vyd. 1.
  • Publisher: Praha : Blahoslav v Ústředním církevním nakladatelství, 1972

Content descriptions

General Note:
Text část. přel. z růz. jazyků
Bibliography, etc. Note:
Obsahuje bibliografii
Subject: Ježíš Kristus
Bible. Nový zákon
Bible. Evangelia
biblická podobenství
biblická exegeze
Genre: studie

Available copies

  • 2 of 2 copies available at Common Catalog SPOK.

Holds

  • 0 current holds with 2 total copies.
Show All Copies
Location Call Number / Copy Notes Barcode Shelving Location Status Due Date
ETS Library 232.954 424470015594 Volný výběr Available -
Jabok Library NZ-4.5 424480010319 Odborná literatura Available -

LDR 01608aam a22004817a 4500
0015020
003CZ-PrJAB
00520220321093341.0
007ta
008970430s1972 xr ||| | cze
015 . ‡acnb000437969
035 . ‡a(CZ PrSKC)000175517
035 . ‡a(OCoLC)85237461
040 . ‡aABA001 ‡bcze ‡cPNA001 ‡dABA001 ‡dCBD005
0411 . ‡acze ‡hmul
072 7. ‡a2-23/-27 ‡xBible. Biblistika ‡2Konspekt ‡95
080 . ‡a27-317.3 ‡2MRF
080 . ‡a27-277.2 ‡2MRF
080 . ‡a(048.8) ‡2MRF
1001 . ‡aMánek, Jindřich, ‡d1912-1977 ‡7jk01080036 ‡4aut
24510. ‡aJežíšova podobenství / ‡cJindřich Mánek
250 . ‡aVyd. 1.
260 . ‡aPraha : ‡bBlahoslav v Ústředním církevním nakladatelství, ‡c1972
300 . ‡a204 s. ; ‡c21 cm
500 . ‡aText část. přel. z růz. jazyků
504 . ‡aObsahuje bibliografii
60007. ‡aJežíš Kristus ‡7ola2002103454 ‡2czenas
63007. ‡aBible. ‡pNový zákon ‡7unn2006374670 ‡2czenas
63007. ‡aBible. ‡pEvangelia ‡7unn2006374683 ‡2czenas
65007. ‡abiblická podobenství ‡7ph118849 ‡2czenas
65007. ‡abiblická exegeze ‡7ph118844 ‡2czenas
655 7. ‡astudie ‡7fd133597 ‡2czenas
910 . ‡aABG312
910 . ‡aABG450
995 . ‡aska
901 . ‡a5020 ‡bCZ-PrJAB ‡c5020 ‡tbiblio

Additional Resources